000 00431nam a2200181Ia 4500
008 230525s9999 xx 000 0 und d
020 _a81-239-0657-9
082 _a620.112
_bBAS
100 _aB.S.Basavarajaiah
245 0 _aStrength of Materials
250 _a2
260 _aNew Delhi
_bCBS
_c2014
300 _aVI,643P;
500 _aQuantity Number: 2
650 _aMechanics
700 _aP.Mahadevappa
942 _cBK
999 _c61086
_d61086